MARC

LEADER 00000nam0a2200000 4500
001 275823
005 20260227162904.0
035 |a (RuTPU)RU\TPU\book\299075 
090 |a 275823 
100 |a 20141117d1951 m y0rusy50 ca 
101 0 |a rus 
102 |a RU 
105 |a abc z 001zb 
200 1 |a Степан Осипович Макаров. 1848-1904  |f Б. Островский 
210 |a Ленинград  |c Молодая гвардия  |d 1951 
215 |a 430 с. [35] вкл. л.  |c ил., карты, портр. 
225 1 |a Жизнь замечательных идей 
316 |5 63413507: М-133094  |a На титульном листе владельческая подпись: "Бутаков" 
317 |5 63413507: М-133094  |a Поступила в НТБ в 1970 г. в составе книжного собрания профессора ТПИ И. Н. Бутакова 
320 |a Примечания: с. 403-419 
320 |a Основные даты жизни и деятельности С. О. Макарова: с. 420-425 
320 |a Библиографический список сочинений С. О. Макарова: с. 426-428 
320 |a Литература об адмирале С. О. Макарове: с. 429-430 
512 1 |a Адмирал Макаров. 1848-1904 
600 1 |a Макаров  |b С. О.  |c российский флотоводец  |c океанограф  |f 1848/1849-1904  |g Степан Осипович  |2 stltpush  |3 (RuTPU)RU\TPU\pers\12828  |9 3669 
606 1 |a Плавучие средства  |2 stltpush  |3 (RuTPU)RU\TPU\subj\6361  |9 34266 
606 |7 ca  |8 rus  |a Военно-морской флот  |x История  |y Россия  |z 1855-1917  |9 89113 
610 1 |a военная история 
610 1 |a русский флот 
610 1 |a флотоводцы 
610 1 |a биографии 
610 1 |a владельческая надпись 
610 1 |a библиотека И. Н. Бутакова 
675 |a 629.12(092)  |v 3 
686 |a Т3(2)522/53  |2 rubbk 
700 1 |a Островский  |b Б. 
801 1 |a RU  |b 63413507  |c 20141117 
801 2 |a RU  |b 63413507  |c 20190909  |g RCR 
942 |c BK